01706nam a2200445 i 450000100060000000300080000600500170001400600190003100700150005000800410006502000180010603500230012403500240014703500250017103500220019604000310021805000250024908000140027408200180028811000560030624501070036226400310046930000410050033600310054133700330057233800430060550400430064858801270069159001640081865000380098265000260102065000310104665000240107765000120110165100220111365500270113579700190116285600620118199900170124367312FlNmELB20241217142809.0m o d | cr cnu||||||||180110s2013 xxu ob 000 0 spa d z9789962688228 a(MiAaPQ)EBC5103233 a(Au-PeEL)EBL5103233 a(CaPaEBR)ebr11453891 a(OCoLC)1105863323 aFINmELBbspaerdacFINmELB 4aUA602.3bP96457 2013 a355.02(8)0 a355.033082230 aPrograma de las Naciones Unidas para el Desarrollo.10aInforme Regional de Desarrollo Humano 2013-2014 /cPrograma de las Naciones Unidas para el Desarrollo. 1aNueva York :bPNUD,c2013. a1 recurso en línea (265 páginas) atextobtxt2rdacontent/spa acomputadorabc2rdamedia/spa arecurso en líneabcr2rdacarrier/spa aContiene referencias bibliográficas. aDescripción basada en recurso en línea; Título de la página del título en PDF (e-libro, visto January 10, 2018). aRecurso electrónico. Santa Fe, Arg.: e-libro, 2018. Disponible vía World Wide Web. El acceso puede estar limitado para las bibliotecas afiliadas a e-libro. 0aNational securityzLatin America. 0aCrimexLatin America. 0aInternational cooperation. 4aSeguridad nacional. 4aDelito. 4aAmérica Latina. 4aLibros electrónicos.2 ae-libro, Corp.40uhttps://elibro.net/ereader/politecnicointernacional/79235 c67312d67312